000
00250nam a2200097Ia 4500
008
240331s9999 xx 000 0 und d
082
_b
ART
100
_a
Salvi, Giulia, . ed
245
0
_a
Art andhistory of Egypt :
_b
5000 years of civilization
942
_c
L
999
_c
3543
_d
3543